| 000 | 00930cab a2200265 4500 | ||
|---|---|---|---|
| 001 | ABS58771 | ||
| 008 | 090401t1998 xxu||||| |||| 00| 0 eng d | ||
| 035 | _a(Sirsi) u86243 | ||
| 041 | _aeng | ||
| 100 | _aDavies, L. | ||
| 245 | 4 | _aThe ESDP and the UK | |
| 260 | _c1998 | ||
| 350 | _a0 | ||
| 490 |
_aTown & Country Planning _v67(2) March 1998, 64-66(3) |
||
| 520 | _aReviews the EU European Spatial Development Perspective, characterised by the "Comparative Review of Planning Systems and Policies" publication (November 1997). Considers the relevance of this pan-European view of spatial issues to the UK planning system. | ||
| 650 | _aEUROPEAN SPATIAL DEVELOPMENT PERSPECTIVE | ||
| 650 | _aEUROPEAN UNION | ||
| 650 | _aPLANNING ISSUES | ||
| 650 | _aPLANNING SYSTEM | ||
| 650 | _aSPATIAL DEVELOPMENT | ||
| 650 | _aSPATIAL PLANNING | ||
| 690 | _aPLANNING LAW AND PRACTICE | ||
| 942 | _n0 | ||
| 948 | _c15/05/1998 | ||
| 999 |
_c54257 _d54257 |
||